載入...

Later Hindu Civilisation A.D 500 To A.D. 1200 (Based on Sanskrit Literature)

書目詳細資料
主要作者: Dutt,Romesh Chandra
格式: Printed Book
語言:English
出版: Calcutta Punthi Pustak 1965
LEADER 00482nam a22001217a 4500
008 210908b |||||||| |||| 00| 0 eng d
082 |2 4th ed. 
100 |a Dutt,Romesh Chandra 
245 |a Later Hindu Civilisation A.D 500 To A.D. 1200  |b (Based on Sanskrit Literature) 
260 |a Calcutta  |b Punthi Pustak  |c 1965 
942 |c BK 
999 |c 360878  |d 360878 
952 |0 0  |1 0  |2 ddc  |4 0  |6 934_000000000000000_DUT_L  |7 0  |9 419493  |a HIS  |b HIS  |c ST1  |d 2021-09-08  |i 11008  |l 0  |o 934 DUT/L  |p HIS11008  |r 2021-09-08  |w 2021-09-08  |y BK